00683nam a2200121Ia 4500008004100000020001800041100009200059245018100151260002700332650001400359650014500373856004300518171212s9999 xx 000 0 und d a9780833035004 aStecher, Brian M.;Kirby, Sheila Nataraj;Barney, Heather;Pearson, Marjorie L.;Chow, Marc cStecher, Brian M.;Kirby, Sheila Nataraj;Barney, Heather;Pearson, Marjorie L.;Chow, MarcaOrganizational Improvement and AccountabilitybLessons for Education from Other Sectors bRAND Corporationc2004 aEducation aEducational accountability -- United States; School management and organization -- United States; Organizational effectiveness -- Evaluation uwww.jstor.org/stable/10.7249/mg136wfhf